000 01557nam a22002897a 4500
003 NALT
005 20251125232944.0
008 s2547 th ||||| |||| 00| 0 tha d
020 _a9749261917
040 _aNALT
090 _aKD131 บ532ค 2547
100 0 _aบุญยรงค์ นิลวงศ์
245 1 0 _aคู่มือการเลือกตั้ง สส., สว., และการเลือกตั้งระดับท้องถิ่น รวมถึงการวินิจฉัย
260 3 _aกรุงเทพฯ :
_bแว่นแก้ว,
_c2547
300 _a1 เล่ม ;
_b28 ซม.
650 0 4 _aคณะกรรมการการเลือกตั้ง -- กฎหมายและระเบียบข้อบังคับ
650 0 4 _aการสมัครรับเลือกตั้ง
650 0 4 _aการเลือกตั้ง -- ขั้นตอน
650 0 4 _aการเลือกตั้งท้องถิ่น
650 0 4 _aการเลือกตั้ง -- กฎหมายและระเบียบข้อบังคับ
650 0 4 _aระบบการเลือกตั้ง -- ไทย
650 0 4 _aคณะกรรมการการเลือกตั้ง -- อำนาจหน้าที่
850 _aNALT
856 4 0 _uhttps://hdl.handle.net/20.500.14156/302830
942 _cLB
_2lcc
999 _c42966
_d42966
998 _j109
_k อารีรัตน์ วิชาช่าง